Mujeres rurales, proceso de exclusión y participación en las actividades agrícolas en comunidades del municipio de Salvatierra, Guanajuato / (Record no. 218959)
[ view plain ]
| 000 -CABECERA | |
|---|---|
| campo de control de longitud fija | 02152nam a2200289 a 4500 |
| 003 - IDENTIFICADOR DEL NÚMERO DE CONTROL | |
| campo de control | OSt |
| 005 - FECHA Y HORA DE LA ÚLTIMA TRANSACCIÓN | |
| campo de control | 20251104142331.0 |
| 007 - CAMPO FIJO DE DESCRIPCIÓN FÍSICA--INFORMACIÓN GENERAL | |
| campo de control de longitud fija | cr ||||||a|c|a |
| 008 - DATOS DE LONGITUD FIJA--INFORMACIÓN GENERAL | |
| campo de control de longitud fija | 230619b2019 mx ||||fom||| 001 0 spa d |
| 040 ## - FUENTE DE LA CATALOGACIÓN | |
| Normas de descripción | rda |
| 100 1# - ENTRADA PRINCIPAL--NOMBRE DE PERSONA | |
| Nombre de persona | López Lule, Gricelda |
| 9 (RLIN) | 187408 |
| 245 10 - MENCIÓN DE TÍTULO | |
| Título | Mujeres rurales, proceso de exclusión y participación en las actividades agrícolas en comunidades del municipio de Salvatierra, Guanajuato / |
| Mención de responsabilidad, etc. | por Griselda López Lule; director de tesis Juan Zepeda del Valle |
| 264 ## - PRODUCCIÓN, PUBLICACIÓN, DISTRIBUCIÓN, FABRICACIÓN Y COPYRIGHT | |
| Producción, publicación, distribución, fabricación y copyright | Chapingo, México : |
| Nombre del de productor, editor, distribuidor, fabricante | El autor, |
| Fecha de producción, publicación, distribución, fabricación o copyright | 2019. |
| 300 #1 - DESCRIPCIÓN FÍSICA | |
| Extensión | 1 recurso en línea ( 49 páginas). |
| 336 ## - TIPO DE CONTENIDO | |
| Fuente | rdacontent |
| Término de tipo de contenido | texto |
| Código de tipo de contenido | txt |
| 337 ## - TIPO DE MEDIO | |
| Fuente | rdamedia |
| Nombre/término del tipo de medio | computadora |
| Código del tipo de medio | c |
| 338 ## - TIPO DE SOPORTE | |
| Fuente | rdacarrier |
| Nombre/término del tipo de soporte | recurso en línea |
| Código del tipo de soporte | cr |
| 502 ## - NOTA DE TESIS | |
| Tipo de título | Maestría en Ciencias en Desarrollo Rural Regional |
| Nombre de la institución que otorga el título | Sistema de Centros Regionales Universitarios, |
| Año de obtención del título | 2019. |
| Información miscelánea | Maestría |
| 504 ## - NOTA DE BIBLIOGRAFÍA, ETC. | |
| Nota de bibliografía, etc. | Incluye referencias bibliográficas: páginas 46-48 |
| 520 ## - SUMARIO, ETC. | |
| Sumario, etc. | En este trabajo presentamos los procesos de exclusión y participación de las mujeres en las actividades agrícolas, originarias de dos comunidades del municipio de Salvatierra, Guanajuato. La perspectiva de género fue la metodología empleada para el abordaje teórico. Entre los principales hallazgos derivados de las entrevistas se encontró que las mujeres a pesar de tener los derechos de las parcelas, no tienen el poder de decisión sobre lo que se siembra y cómo se siembra. Son los hombres quienes tienen a pesar de no vivir en las comunidades, por efectos de la migración hacia Estados Unidos de Norte América principalmente, quienes deciden sobre la parcela. En ese sentido, podemos vislumbrar que la posesión de la tierra para las mujeres en el caso de las comunidades en estudio no representa más que el valor simbólico, que con el tiempo tenderá a desaparecer en virtud de la edad avanzada de las mismas. |
| 650 #4 - PUNTO DE ACCESO ADICIONAL DE MATERIA--TÉRMINO DE MATERIA | |
| 9 (RLIN) | 132180 |
| Término de materia o nombre geográfico como elemento de entrada | Mujeres |
| Subdivisión general | Enfoque de género |
| 650 #4 - PUNTO DE ACCESO ADICIONAL DE MATERIA--TÉRMINO DE MATERIA | |
| 9 (RLIN) | 131483 |
| Término de materia o nombre geográfico como elemento de entrada | Mujeres en el desarrollo sustentable |
| 650 #4 - PUNTO DE ACCESO ADICIONAL DE MATERIA--TÉRMINO DE MATERIA | |
| 9 (RLIN) | 131913 |
| Término de materia o nombre geográfico como elemento de entrada | Mujeres en la agricultura |
| 700 1# - PUNTO DE ACCESO ADICIONAL--NOMBRE DE PERSONA | |
| 9 (RLIN) | 123920 |
| Nombre de persona | Zepeda del Valle, Juan Manuel |
| Término indicativo de función/relación | director. |
| 856 ## - LOCALIZACIÓN Y ACCESO ELECTRÓNICOS | |
| Identificador Uniforme del Recurso | http://10.13.5.2/tesis/tm/Lopez_Lule_Gricelda.pdf |
| Nota pública | DESCARGAR PDF |
| 942 ## - ELEMENTOS DE PUNTO DE ACCESO ADICIONAL (KOHA) | |
| Fuente del sistema de clasificación o colocación | Clasificación Universidad Autónoma Chapingo |
| Tipo de ítem Koha | Tesis digital |
| Estado de retiro | Estado de pérdida | Fuente del sistema de clasificación o colocación | Estado dañado | Restricciones de uso | No para préstamo | Código de colección | Localización permanente | Ubicación/localización actual | Ubicación en estantería | Fecha de adquisición | Total de préstamos | Signatura topográfica completa | Fecha visto por última vez | Precio válido a partir de | Tipo de ítem Koha |
|---|---|---|---|---|---|---|---|---|---|---|---|---|---|---|---|
| Clasificación Universidad Autónoma de Chapingo | Préstamo interno | Tesis digitales de Maestría | Biblioteca Digital | Biblioteca Digital | En línea | 19/06/2023 | Tesis digital | 19/06/2023 | 19/06/2023 | Tesis digital |
